Insight : collected works of bernard lonergan; ollected works of bernard lonergan (Record no. 1304179)

MARC details
000 -LEADER
fixed length control field 00685nam a2200217Ia 4500
005 - DATE AND TIME OF LATEST TRANSACTION
control field 20250326144549.0
008 - FIXED-LENGTH DATA ELEMENTS--GENERAL INFORMATION
fixed length control field 250326s9999 xx 000 0 und d
020 ## - INTERNATIONAL STANDARD BOOK NUMBER
International Standard Book Number 978-0-8020-3455-7
037 ## - SOURCE OF ACQUISITION
Stock number Textbook
040 ## - CATALOGING SOURCE
Original cataloging agency FMSL
Language of cataloging eng
Transcribing agency FMSL
041 ## - LANGUAGE CODE
Language code of text/sound track or separate title eng
Source of code eng
084 ## - COLON CLASSIFICATION NUMBER
Classification number SN1w N7
Assigning agency FMSL
100 ## - MAIN ENTRY--PERSONAL NAME
Personal name Doran Robert M
9 (RLIN) 749898
245 #0 - TITLE STATEMENT
Title Insight : collected works of bernard lonergan; ollected works of bernard lonergan
Statement of responsibility, etc. Doran Robert M; Crowe Fredrick E
260 ## - PUBLICATION, DISTRIBUTION, ETC.
Place of publication, distribution, etc. New Delhi
Name of publisher, distributor, etc. New Delhi, LOON UNIVERSITY OF TORONTO PRESS
Date of publication, distribution, etc. 1997
300 ## - PHYSICAL DESCRIPTION
Extent xxvi,875
365 ## - TRADE PRICE
Price amount 2023.068
650 ## - SUBJECT ADDED ENTRY--TOPICAL TERM
Topical term or geographic name entry element Psychology
942 ## - ADDED ENTRY ELEMENTS (KOHA)
Koha item type Textbook
Classification part SN1w N7
Holdings
Withdrawn status Lost status Damaged status Not for loan Home library Current library Date acquired Source of acquisition Cost, normal purchase price Total Checkouts Full call number Barcode Date last seen Price effective from Koha item type
        Faculty of Management Library Faculty of Management Library 2025-03-26 Bhartiya Sahitya Bhavan 2023.07   SN1w N7 ML1352908 2025-03-26 2025-03-26 Textbook
Copyright @ Delhi University Library System